000 00649nam a22001937a 4500
005 20251108164915.0
008 250721s2002 xx 000 0 ara d
082 1 4 _a509.56/طوق
100 1 _aطوقان، قدري
245 1 0 _aمختارات من إنتاجية الفكري :
_bالعلوم عند العرب : مقام العقل عند العرب /
264 1 _aعمان :
_bاللجنة الوطنية العليا،
_c2002.
300 _a427ص.
650 1 7 _aالعرب
650 1 7 _aالعلوم
650 1 7 _aالإجتهاد (فقه إسلامي)
650 1 7 _aالعقل (علم نفس )
942 _2ddc
_cBK
999 _c17159
_d17159